[Event "Keep Right On Till The End of the Road"]
[Site "SchemingMind.com"]
[Date "2012.12.29"]
[Round "-"]
[White "XMJA83"]
[Black "smothered mate"]
[Result "1/2-1/2"]
[WhiteCountry "ECU"]
[BlackCountry "POL"]
[WhiteElo "1811"]
[WhiteRD "115"]
[BlackElo "1971"]
[BlackRD "63"]
[GameID "323792"]

1. e4 c5 2. Nf3 d6 3. d4 cxd4 4. Nxd4 Nf6 5. Nc3 g6 6. Be3 Bg7 7. f3 a6 8. Qd2 Nbd7 9. O-O-O b5 10. g4 Bb7
11. h4 h5 12. g5 Nh7 13. a3 Nb6 14. b3 Rc8 15. Bh3 e6 16. Bxe6 Rxc3 17. Qxc3 fxe6 18. Qa5 Kf7 19. Nxe6 Kxe6 20. Bxb6 Qe7
21. Bc7 Be5 22. Qb6 Rc8 23. Qxb7 Qxc7 24. Qxc7 Rxc7 25. Rdf1 Bf4+ 26. Kb2 Nf8 27. c3 Nd7 28. Rd1 Ne5 29. Kc2 Rf7 30. Rh3 Nd7
31. a4= bxa4 32. bxa4 Nc5 33. a5 Rb7 34. Rb1 Rxb1 35. Kxb1 Nb7 36. Rh1 Nxa5 37. Kc2 Nc4 38. Kd3 Ne5+ 39. Ke2 a5 40. Rb1 Bg3
41. Ke3 Bxh4 42. f4 Ng4+ 43. Kf3 Bf2 44. Rb5 Be1 45. f5+ gxf5 46. exf5+ Kd7 47. Rxa5 Bxc3 48. Ra7+ Kc6 49. Rh7 Kd5 50. Rxh5=
1/2-1/2

[Event "Keep Right On Till The End of the Road"]
[Site "SchemingMind.com"]
[Date "2013.01.11"]
[Round "-"]
[White "sibelius"]
[Black "Scooter"]
[Result "1-0"]
[WhiteCountry "USA"]
[BlackCountry "USA"]
[WhiteElo "2271"]
[WhiteRD "83"]
[BlackElo "1774"]
[BlackRD "54"]
[GameID "324966"]

1. e4 c6 2. d4 d5 3. exd5 cxd5 4. Bd3 Nf6 5. Nf3 Bg4 6. h3 Bxf3 7. Qxf3 e6 8. O-O Be7 9. Re1 O-O 10. Nd2 Nc6
11. c3 a6 12. a3 b5 13. Qe2 Qb6 14. Qf3 a5 15. Rb1 b4 16. Nb3 Nd7 17. Bf4 Nf6 18. a4 bxc3 19. bxc3 Qd8 20. Nc5 Bxc5
21. dxc5 Nd7 22. Bd2 Nxc5 23. Bc2 Ne4 24. Rxe4 dxe4 25. Qxe4 g6 26. Bh6 Re8 27. Qxc6 Qh4 28. Be3 Rac8 29. Qb5 Qc4 30. Bd4 Qxb5
31. Rxb5 Red8 32. Be4 f5 33. Bf3 h5 34. Rxa5
1-0

[Event "Keep Right On Till The End of the Road"]
[Site "SchemingMind.com"]
[Date "2013.01.11"]
[Round "-"]
[White "Scooter"]
[Black "sibelius"]
[Result "0-1"]
[WhiteCountry "USA"]
[BlackCountry "USA"]
[WhiteElo "1774"]
[WhiteRD "54"]
[BlackElo "2271"]
[BlackRD "83"]
[GameID "324970"]

1. d4 Nf6 2. Nf3 e6 3. Bg5 h6 4. Bxf6 Qxf6 5. e3 d5 6. Be2 Bd6 7. Nbd2 e5 8. dxe5 Bxe5 9. Nxe5 Qxe5 10. c3 O-O
11. O-O c6 12. Nf3 Qc7 13. Qc2 Re8 14. Nd4 c5 15. Nf3 Nc6 16. Bb5 Bg4 17. Bxc6 Qxc6 18. Nd2 Re5 19. h3 Bf5 20. Qd1 Qg6
21. Kh1 Rd8 22. Nf3 Be4 23. Rg1 Rf5 24. Nh4 Rh5 25. f3 Rxh4 26. fxe4 Qxe4 27. Qf3 Qxf3 28. gxf3 Rxh3+ 29. Kg2 Rh5 30. Rad1 Re8
31. Kf2 Rh2+ 32. Rg2 Rxg2+ 33. Kxg2 Rxe3
0-1

[Event "Keep Right On Till The End of the Road"]
[Site "SchemingMind.com"]
[Date "2013.01.16"]
[Round "-"]
[White "John Hamer"]
[Black "chessman"]
[Result "1-0"]
[WhiteCountry "ENG"]
[BlackCountry "MEX"]
[WhiteElo "2022"]
[WhiteRD "65"]
[BlackElo "1780"]
[BlackRD "110"]
[GameID "325225"]

1. e4 c5 2. d4 cxd4 3. Nf3 e5 4. c3 dxc3 5. Nxc3 Bb4 6. Bc4 Nf6 7. Qb3 Bxc3+ 8. bxc3 Qe7 9. Ba3 d6 10. O-O-O Nxe4
11. Rhe1
1-0

[Event "Keep Right On Till The End of the Road"]
[Site "SchemingMind.com"]
[Date "2013.01.16"]
[Round "-"]
[White "chessman"]
[Black "John Hamer"]
[Result "0-1"]
[WhiteCountry "MEX"]
[BlackCountry "ENG"]
[WhiteElo "1780"]
[WhiteRD "110"]
[BlackElo "2022"]
[BlackRD "65"]
[GameID "325230"]

1. e4 c6 2. d4 d5 3. Nc3 g6 4. Nf3 Bg7 5. e5 Bg4 6. h3 Bxf3 7. Qxf3 e6 8. Ne2 Nd7 9. Ng3 c5 10. c3 Qb6
11. Qd1 cxd4 12. cxd4 f6 13. f4 Ne7
0-1

[Event "Keep Right On Till The End of the Road"]
[Site "SchemingMind.com"]
[Date "2013.01.24"]
[Round "-"]
[White "emvarela"]
[Black "Olli Ylönen"]
[Result "0-1"]
[WhiteCountry "ARG"]
[BlackCountry "FIN"]
[WhiteElo "1761"]
[WhiteRD "48"]
[BlackElo "1862"]
[BlackRD "57"]
[GameID "325434"]

1. e4 c6 2. d4 d5 3. Nc3 dxe4 4. Nxe4 Bf5 5. Ng3 Bg6 6. h4 h6 7. Nf3 Nd7 8. h5 Bh7 9. Bd3 Bxd3 10. Qxd3 e6
11. Bf4 Qa5+ 12. Bd2 Bb4 13. Ne4 Ngf6 14. Nd6+ Ke7 15. Nxb7 Bxd2+ 16. Nxd2 Qb4 17. Qb3 Qxd4 18. Qa3+ c5 19. O-O-O Rab8 20. Nb3 Qb4
21. Qxb4 cxb4 22. N7c5 Nxc5 23. Nxc5 Rhd8 24. f3 Rxd1+ 25. Kxd1 Rb5 26. Nd3 Nxh5 27. g4 Nf6 28. Re1 a5 29. Re5 Rxe5 30. Nxe5 Nd5
31. Nc6+ Kf6 32. Nxa5 Kg5 33. Nc4 Kf4 34. Ke2 f5 35. gxf5 exf5 36. Nd6 h5 37. a4 bxa3 38. bxa3 Ke5 39. Nc4+ Kd4 40. Nd6 g6
41. Nb5+ Kc4 42. a4 Kb4 43. c4 Kxc4 44. Nd6+ Kb4 45. Nf7 Kxa4 46. Ne5 Ne7 47. f4 Kb4 48. Kf3 Kc5 49. Kg3 Kd5 50. Kh4 Ke4
51. Kg5 h4 52. Kxh4 Kxf4 53. Nd3+ Ke3 54. Ne1 Ke2 55. Ng2 Kf3 56. Ne1+ Ke4 57. Kg5 f4 58. Kg4 Nc6 59. Kg5 Nd4 60. Kxg6 Nc2
61. Nxc2 f3
0-1

[Event "Keep Right On Till The End of the Road"]
[Site "SchemingMind.com"]
[Date "2013.01.24"]
[Round "-"]
[White "Olli Ylönen"]
[Black "emvarela"]
[Result "1-0"]
[WhiteCountry "FIN"]
[BlackCountry "ARG"]
[WhiteElo "1832"]
[WhiteRD "57"]
[BlackElo "1779"]
[BlackRD "51"]
[GameID "325440"]

1. e4 e5 2. Nf3 Nc6 3. d4 exd4 4. Nxd4 Nf6 5. Nxc6 bxc6 6. e5 Qe7 7. Qe2 Nd5 8. c4 Ba6 9. b3 O-O-O 10. Bb2 Qb4+
11. Nd2 Nf4 12. Qf3 Ng6 13. a3 Qe7 14. O-O-O Bb7 15. Bd3 c5 16. Be4 Bxe4 17. Qxe4 c6 18. f4 d5 19. cxd5 cxd5 20. Qa4 Rd7
21. Qc6+ Rc7 22. Qxd5 Nxf4 23. Qa8+ Kd7 24. Ne4+ Ke6 25. Rd6+
1-0

[Event "Keep Right On Till The End of the Road"]
[Site "SchemingMind.com"]
[Date "2013.03.20"]
[Round "-"]
[White "erobeno"]
[Black "Archon"]
[Result "1-0"]
[WhiteCountry "TUR"]
[BlackCountry "CAN"]
[WhiteElo "1773"]
[WhiteRD "67"]
[BlackElo "1659"]
[BlackRD "55"]
[GameID "328828"]

1. e4 d6 2. d4 Nf6 3. Nc3 g6 4. f4 Bg7 5. Nf3 c5 6. dxc5 Qa5 7. Bb5+ Bd7 8. cxd6 Bxb5 9. e5 Ng4 10. Nd4 Nxe5
11. Nxb5 Nec6 12. Nc7+ Kf8 13. dxe7+ Kxe7 14. Nb5 Rd8 15. Qe2+ Kf8 16. Bd2 Qb6 17. O-O-O Re8 18. Qd3 Na6 19. Rhe1 Rxe1 20. Rxe1 Re8
21. Rxe8+ Kxe8 22. Be3 Qd8 23. Nd6+ Kf8 24. Qd5 Qd7 25. Nce4 Nab4 26. Qc4 h6 27. Bc5 Na6 28. Nxb7+ Kg8 29. Qxa6 Nb4 30. Bxb4 Qd4
31. Bc3 Qxe4 32. Nd6 Qe3+ 33. Kd1 Bxc3 34. Qc8+ Kh7 35. Qxc3 Qg1+ 36. Qe1 Qd4+ 37. Qd2 Qg1+ 38. Ke2 Qxg2+ 39. Ke3 Qg1+ 40. Kd3 Qb6
41. Nc4 Qd8+ 42. Kc3 Qf6+ 43. Ne5 Qe7 44. b4 a5 45. bxa5 Qc5+ 46. Kb3 Qb5+ 47. Ka3 Qc5+ 48. Ka4 g5 49. c4 gxf4 50. Qxf4 Qe7
51. Qxf7+
1-0

[Event "Keep Right On Till The End of the Road"]
[Site "SchemingMind.com"]
[Date "2013.03.21"]
[Round "-"]
[White "Archon"]
[Black "erobeno"]
[Result "0-1"]
[WhiteCountry "CAN"]
[BlackCountry "TUR"]
[WhiteElo "1659"]
[WhiteRD "55"]
[BlackElo "1773"]
[BlackRD "67"]
[GameID "328830"]

1. Nf3 d5 2. e3 Nf6 3. b3 c5 4. Bb2 e6 5. c4 Be7 6. Be2 O-O 7. O-O Nc6 8. Na3 a6 9. Nc2 b5 10. cxb5 axb5
11. Bxb5 Qb6 12. Bxc6 Qxc6 13. Ne5 Qc7 14. d4 Ba6 15. Re1 Ne4 16. dxc5 Bf6 17. Qc1 Bxe5 18. Bxe5 Qxe5 19. Nd4 Qf6 20. Qc2 e5
21. Nf3 Rab8 22. a3 Bc8 23. b4 Bg4 24. Nd2 Qxf2+ 25. Kh1 Nxd2 26. Ra2 Qxe1#
0-1

[Event "Keep Right On Till The End of the Road"]
[Site "SchemingMind.com"]
[Date "2013.03.21"]
[Round "-"]
[White "Adrian Grajczak"]
[Black "Clive Everill"]
[Result "1-0"]
[WhiteCountry "POL"]
[BlackCountry "CZE"]
[WhiteElo "2173"]
[WhiteRD "67"]
[BlackElo "1698"]
[BlackRD "55"]
[GameID "328870"]

1. d4 Nf6 2. c4 e6 3. g3 c5 4. d5 exd5 5. cxd5 b5 6. Bg2 d6 7. e4 Nbd7 8. f4 Bb7 9. Ne2 Be7 10. O-O O-O
11. a4 b4 12. Nd2 a5 13. Nc4 Ne8 14. b3 Nb6 15. Nxb6 Qxb6 16. Bb2 Bf6 17. e5 dxe5 18. fxe5 Bg5 19. h4 Be3+ 20. Kh2 Rd8
21. Qd3 Bh6 22. Be4 g6 23. Rad1 Nc7 24. Rf6 Qa7 25. d6 Ne6 26. Bxb7 Qxb7 27. Qc4 Bg7 28. Rf2 Rd7 29. Nf4 Re8 30. Nxe6 fxe6
31. Qxc5 Qe4 32. Qb5 Red8 33. Rdf1 Qa8 34. Rc1 Qa7 35. Rc5 Bh6 36. Rfc2 Be3 37. Rc7 Rxc7 38. dxc7 Rc8 39. Qd7 Qb7 40. Qxe6+ Kf8
41. Qd6+ Kg8 42. e6 Bb6 43. Qe7 Rxc7 44. Qe8#
1-0

[Event "Keep Right On Till The End of the Road"]
[Site "SchemingMind.com"]
[Date "2013.03.21"]
[Round "-"]
[White "Clive Everill"]
[Black "Adrian Grajczak"]
[Result "0-1"]
[WhiteCountry "CZE"]
[BlackCountry "POL"]
[WhiteElo "1698"]
[WhiteRD "55"]
[BlackElo "2173"]
[BlackRD "67"]
[GameID "328872"]

1. Nf3 d5 2. c4 dxc4 3. e3 Nf6 4. Bxc4 e6 5. d4 c5 6. O-O a6 7. dxc5 Bxc5 8. Qe2 O-O 9. e4 b5 10. Bb3 Bb7
11. Nbd2 Qb6 12. Bc2 Nc6 13. Nb3 Bd6 14. Be3 Qc7 15. g3 e5 16. Rac1 Qe7 17. Bb1 Rac8 18. Bc5 Bxc5 19. Nxc5 Nd4 20. Nxd4 Rxc5
21. Rxc5 Qxc5 22. Nb3 Qb6 23. Kg2 h5 24. f4 Ng4 25. Rf3 exf4 26. Rxf4 Rd8 27. Rf3 Bc8 28. Nc1 Ne5 29. Rc3 Bg4 30. Qe1 Rd1
31. Qf2 Bh3+
0-1

[Event "Keep Right On Till The End of the Road"]
[Site "SchemingMind.com"]
[Date "2013.05.20"]
[Round "-"]
[White "John Hamer"]
[Black "smothered mate"]
[Result "1/2-1/2"]
[WhiteCountry "ENG"]
[BlackCountry "POL"]
[WhiteElo "2115"]
[WhiteRD "68"]
[BlackElo "1931"]
[BlackRD "67"]
[GameID "332117"]

1. d4 d5 2. c4 e6 3. Nc3 c5 4. Nf3 Nc6 5. e3 Nf6 6. Bd3 dxc4 7. Bxc4 a6 8. O-O b5 9. Bd3 cxd4 10. exd4 Be7
11. Bg5 h6 12. Be3 O-O 13. Qd2 Bb7 14. Ne4 Qd5 15. Nc3 Qh5 16. Rac1 Bd6 17. Ne2 Nb4 18. Nf4 Bxf4 19. Bxf4 Bxf3 20. Qxb4 Nd5
21. Qd2 Nxf4 22. Qxf4 Bd5 23. b3= Rac8 24. f3 Qg5 25. Qxg5 hxg5 26. Kf2 f5 27. Rfe1 Kf7 28. Rxc8 Rxc8 29. Ke3= f4+ 30. Kf2 b4
31. Rd1 a5 32. Kg1 Rc3 33. Kf2 a4 34. bxa4= Bxa2 35. a5 Ra3 36. a6 Bd5 37. Ke1 g4 38. fxg4 Bxg2 39. g5 Bd5 40. h4 b3
41. h5 b2 42. Bg6+ Ke7 43. Rb1 Re3+ 44. Kd2 Rg3 45. Rxb2 Rxg5 46. Kc3 f3 47. a7 Rg2 48. Bd3 Rxb2 49. Kxb2 Kf6 50. Bc4 Ba8
51. Kc3 Kg5 52. Bxe6 f2 53. Bc4 Kxh5 54. d5 Bxd5 55. Bxd5 f1=Q 56. a8=Q Qc1+ 57. Kd3 Qd1+ 58. Ke4 Qh1+ 59. Ke5 Qe1+ 60. Kf5 Qe3
61. Qh8+ Qh6 62. Qe8+ g6+ 63. Ke4 Qd2 64. Qe5+ Kg4 65. Be6+=
1/2-1/2

[Event "Keep Right On Till The End of the Road"]
[Site "SchemingMind.com"]
[Date "2013.05.20"]
[Round "-"]
[White "smothered mate"]
[Black "John Hamer"]
[Result "1/2-1/2"]
[WhiteCountry "POL"]
[BlackCountry "ENG"]
[WhiteElo "1932"]
[WhiteRD "64"]
[BlackElo "2110"]
[BlackRD "67"]
[GameID "332120"]

1. e4 e5 2. Nf3 Nc6 3. d4 exd4 4. Nxd4 Bc5 5. Be3 Qf6 6. c3 Nge7 7. Bc4 O-O 8. O-O Bb6 9. Na3 d6 10. Ndb5 Ne5
11. Bxb6 axb6 12. Be2 c6 13. f4 cxb5 14. fxe5 Qxe5 15. Nxb5 d5 16. exd5 Nxd5 17. Bc4 Ne3 18. Bxf7+ Kh8 19. Re1 Be6 20. Qd3 Bxf7
21. Rxe3 Qg5 22. Nd4 Bc4 23. Qd2 Rxa2 24. Rae1 Rxb2 25. Nf3 Qb5 26. Qd6 Kg8 27. Re5 Qa4 28. Re7 Qc2 29. Rxg7+ Kxg7 30. Qd4+ Rf6
31. Re7+ Bf7=
1/2-1/2

[Event "Keep Right On Till The End of the Road"]
[Site "SchemingMind.com"]
[Date "2013.06.28"]
[Round "-"]
[White "John Galvin"]
[Black "Adrian Grajczak"]
[Result "0-1"]
[WhiteCountry "USA"]
[BlackCountry "POL"]
[WhiteElo "2302"]
[WhiteRD "68"]
[BlackElo "2253"]
[BlackRD "67"]
[GameID "333764"]

1. e4 c5 2. c3 d5 3. exd5 Qxd5 4. d4 g6 5. Na3 Bg7 6. Nf3 cxd4 7. Nb5 Na6 8. Nbxd4 Nf6 9. Bb5+ Bd7 10. Bxa6 bxa6
11. O-O O-O 12. Re1 Rfe8 13. Ne5 Red8 14. Qb3 Be8 15. Rd1 Qxe5
0-1

[Event "Keep Right On Till The End of the Road"]
[Site "SchemingMind.com"]
[Date "2013.06.27"]
[Round "-"]
[White "Adrian Grajczak"]
[Black "John Galvin"]
[Result "1/2-1/2"]
[WhiteCountry "POL"]
[BlackCountry "USA"]
[WhiteElo "2247"]
[WhiteRD "70"]
[BlackElo "2303"]
[BlackRD "70"]
[GameID "333770"]

1. d4 Nf6 2. c4 g6 3. g3 c6 4. Bg2 d5 5. Nf3 Bg7 6. O-O dxc4 7. a4 Ne4 8. Qc2 Nd6 9. e4 Na6 10. e5 Nf5
11. Qxc4 Be6 12. Qc3 O-O 13. b4 Qb6 14. Ba3 Rfd8 15. Rd1 Nc7 16. g4 Nh6 17. h3 f5 18. a5 Qb5 19. g5 Nf7 20. Qe1 Nd5
21. Bf1 Qa4 22. Rc1 h6 23. Bc4 c5 24. Nc3 Nxc3 25. Bxe6 cxd4 26. Nxd4 Rxd4 27. Qxc3 Rad8 28. gxh6 Bxe5 29. Qc5 Bd6 30. Qxa7 Qb5
31. Re1 Rd3=
1/2-1/2

[Event "Keep Right On Till The End of the Road"]
[Site "SchemingMind.com"]
[Date "2013.07.23"]
[Round "-"]
[White "Olli Ylönen"]
[Black "erobeno"]
[Result "0-1"]
[WhiteCountry "FIN"]
[BlackCountry "TUR"]
[WhiteElo "1826"]
[WhiteRD "61"]
[BlackElo "2039"]
[BlackRD "64"]
[GameID "335306"]

1. e4 c5 2. Nf3 d6 3. d4 cxd4 4. Nxd4 e5 5. Bb5+ Bd7 6. Bxd7+ Qxd7 7. Nf3 Be7 8. Nc3 Nf6 9. Bg5 O-O 10. O-O Nc6
11. Bxf6 Bxf6 12. Nd5 Bd8 13. c3 Re8 14. Qd3 Re6 15. c4 Rg6 16. g3 Qg4 17. b3 Rh6 18. Qe2 g5 19. Rfd1 Qh5
0-1

[Event "Keep Right On Till The End of the Road"]
[Site "SchemingMind.com"]
[Date "2013.07.29"]
[Round "-"]
[White "Erik Johnson"]
[Black "Hisjazzrabbit"]
[Result "1-0"]
[WhiteCountry "USA"]
[BlackCountry "FRA"]
[WhiteElo "1673"]
[WhiteRD "67"]
[BlackElo "1588"]
[BlackRD "92"]
[GameID "335332"]

1. e4 e5 2. Nf3 Nc6 3. Bc4 Nf6 4. d3 Ng4 5. Nc3 Bc5 6. O-O b5 7. Nxb5 O-O 8. Ng5 Nh6 9. Qh5 Kh8 10. Nxf7+ Nxf7
11. Bxf7 g6 12. Bxg6 Bxf2+ 13. Rxf2 Ba6 14. Qxh7#
1-0

[Event "Keep Right On Till The End of the Road"]
[Site "SchemingMind.com"]
[Date "2013.07.29"]
[Round "-"]
[White "Hisjazzrabbit"]
[Black "Erik Johnson"]
[Result "0-1"]
[WhiteCountry "FRA"]
[BlackCountry "USA"]
[WhiteElo "1543"]
[WhiteRD "89"]
[BlackElo "1674"]
[BlackRD "69"]
[GameID "335335"]

1. e4 d5 2. e5 Nc6 3. d4 Bf5 4. g4 Bg6 5. Bg2 e6 6. b3 Nb4 7. Na3 Qd7 8. Bf1 a6 9. Bd3 Bxd3 10. c3 Bg6
11. cxb4 Bxb4+ 12. Kf1 Bxa3 13. Bxa3 Qb5+ 14. Ne2 Be4 15. Rg1 b6 16. Rg3 Nh6 17. h3 f6 18. Kg1 fxe5 19. dxe5 c5 20. Nc3 Qc6
21. f3 Bg6 22. Rg2 d4 23. Ne2 O-O 24. f4 Be4 25. Rf2 g5 26. Bc1 gxf4 27. Nxf4 Ra7 28. Nd3 Rxf2 29. Nxf2 Bf3 30. Qd3 Nf7
31. Bf4 Bd5 32. g5 Nd8 33. g6 hxg6 34. Qxg6+ Rg7
0-1

[Event "Keep Right On Till The End of the Road"]
[Site "SchemingMind.com"]
[Date "2013.11.02"]
[Round "-"]
[White "Erik Johnson"]
[Black "sibelius"]
[Result "0-1"]
[WhiteCountry "USA"]
[BlackCountry "USA"]
[WhiteElo "1644"]
[WhiteRD "70"]
[BlackElo "2231"]
[BlackRD "76"]
[GameID "341191"]

1. e4 c5 2. Nf3 e6 3. c3 d5 4. exd5 Qxd5 5. Bb5+ Bd7 6. Bxd7+ Nxd7 7. O-O Ngf6 8. d4 cxd4 9. Qxd4 Qxd4 10. Nxd4 Rd8
11. Bg5 h6 12. Bh4 g5 13. Bg3 Ne4 14. Be5 Nxe5 15. Re1 f5 16. f3 Nd3 17. Re3 Nec5 18. Nxe6 Nxe6 19. Rxe6+ Kf7 20. Re2 Bc5+
21. Kf1 Nf4 22. Re5 Rd1+ 23. Re1 Rxe1+ 24. Kxe1 Nxg2+ 25. Kf1 Ne3+ 26. Ke2 Nc2 27. b4 Bg1 28. Nd2 Nxa1
0-1

[Event "Keep Right On Till The End of the Road"]
[Site "SchemingMind.com"]
[Date "2013.11.02"]
[Round "-"]
[White "sibelius"]
[Black "Erik Johnson"]
[Result "1-0"]
[WhiteCountry "USA"]
[BlackCountry "USA"]
[WhiteElo "2219"]
[WhiteRD "77"]
[BlackElo "1680"]
[BlackRD "70"]
[GameID "341194"]

1. d4 Nf6 2. Nc3 g6 3. e4 Bg7 4. e5 Ng8 5. Bc4 Nc6 6. Nf3 d6 7. Qe2 dxe5 8. dxe5 Bg4 9. Bxf7+ Kf8 10. Bb3 a5
11. Qc4 Bxf3 12. Qf7#
1-0

[Event "Keep Right On Till The End of the Road"]
[Site "SchemingMind.com"]
[Date "2013.12.10"]
[Round "-"]
[White "sibelius"]
[Black "smothered mate"]
[Result "1-0"]
[WhiteCountry "USA"]
[BlackCountry "POL"]
[WhiteElo "2276"]
[WhiteRD "81"]
[BlackElo "1923"]
[BlackRD "72"]
[GameID "343424"]

1. d4 Nf6 2. Nc3 c5 3. dxc5 e5 4. Nf3 Nc6 5. Be3 Qa5 6. Nd2 Ng4 7. Bg5 Bxc5 8. e3 d6 9. Nb3 Qc7 10. Nb5 Qd7
11. Nxc5 dxc5 12. Qxd7+ Kxd7 13. O-O-O+ Ke6 14. h3 Nxf2 15. Rd6+ Kf5 16. Bh4 Nxh1 17. g4+ Ke4 18. Bg2+ Kxe3 19. Rd3+ Kf4 20. Rf3+ Ke4
21. Rf1+ Ke3 22. Bg5+ Ke2 23. Nc3#
1-0

[Event "Keep Right On Till The End of the Road"]
[Site "SchemingMind.com"]
[Date "2013.12.09"]
[Round "-"]
[White "smothered mate"]
[Black "sibelius"]
[Result "0-1"]
[WhiteCountry "POL"]
[BlackCountry "USA"]
[WhiteElo "1973"]
[WhiteRD "74"]
[BlackElo "2271"]
[BlackRD "75"]
[GameID "343428"]

1. e4 c5 2. Nf3 e6 3. b4 cxb4 4. d4 d5 5. e5 f6 6. Bd3 Nc6 7. Bf4 g5 8. Be3 g4 9. Nh4 fxe5 10. Qxg4 Nf6
11. Qf3 e4
0-1